Concesión de obra pública: para pensar en grande /

Del análisis de la realidad nacional e internacional, el autor plantea la necesidad de pensar y actuar en grande para poder desarrollar la infraestructura nacional. La descripción de la situación que enfrentamos en esta materia, lo lleva a la conclusión de que deben buscarse nuevas y mejores relacio...

Ausführliche Beschreibung

Gespeichert in:
Bibliographische Detailangaben
1. Verfasser: Méndez Mata, Rodolfo
Format: Text
Schlagworte:
Tags: Tag hinzufügen
Keine Tags, Fügen Sie den ersten Tag hinzu!

MARC

LEADER 00000 a a2200000 04500
001 17087
003
040
100 |a Méndez Mata, Rodolfo  
245 |a Concesión de obra pública:   |b para pensar en grande /  |c Rodolfo Méndez Mata 
520 |a Del análisis de la realidad nacional e internacional, el autor plantea la necesidad de pensar y actuar en grande para poder desarrollar la infraestructura nacional. La descripción de la situación que enfrentamos en esta materia, lo lleva a la conclusión de que deben buscarse nuevas y mejores relaciones en el sector privado para que este colabore en el financiamiento de las inversiones de obras públicas, necesarias para modernizar nuestra infraestructura, garantizando con ello la competitividad de nuestra economía dentro del marco internacional. Su propuesta de reestructuración institucional, instrumental y funcional se constituye en un programa de labores realista, para desarrollar durante el presente cuatrienio en su cargo como ministro del ramo. REV//JMML  
650 |a OBRAS PUBLICAS  
650 |a CONTRATOS PUBLICOS  
650 |a LICITACION  
650 |a MODERNIZACION  
650 |a ESTADO  
650 |a SECTOR PRIVADO  
650 |a INSTITUCIONES PUBLICAS  
650 |a RECURSOS HUMANOS  
773 |g volumen 6, número 2; páginas 61-79  
999 |c 32993  |d 32993